[Event "?"]
[Site "Altensteig"]
[Date "1995.??.??"]
[Round "2"]
[White "Hickl, Joerg"]
[Black "Grosar, Aljosa"]
[Result "1/2-1/2"]
[WhiteElo "2570"]
[BlackElo "2485"]

1.g3 d5 2.Bg2 Nf6 3.Nf3 c5 4.O-O Nc6 5.d3 g6 6.c3 Bg7 7.a3 O-O 8.Nbd2 h6
9.b4 cxb4 10.axb4 Nd7 11.Qb3 e6 12.e4 Nf6 13.e5 Nd7 14.d4 b5 15.Re1 Nb6
16.Nf1 Nc4 17.h4 Bd7 18.N1h2 a5 19.bxa5 N6xa5 20.Qb1 Qe7 21.Ng4 Kh7
22.Bf4 Nc6 23.Nf6+ Bxf6 24.exf6 Qxf6 25.Rxa8 Rxa8 26.Qxb5 Be8 27.Qb1 Ra6
28.Nh2 Rb6 29.Ng4 Qg7 30.Qc1 h5 31.Nh2 Ne7 32.Nf3 Bd7 33.Qa1 Qf8
34.Qa7 Qc8 35.Ne5 Rb7 36.Qa1 Nxe5 37.Bxe5 Bb5 38.Qa3 Bd3 39.Rd1 Be2
40.Rd2 Bc4 41.Kh2 Ng8 42.Bh3 Rb3 43.Qa7 Rb7 44.Qa1 Qd8 45.Rb2 Rxb2
46.Qxb2 Qe8 47.Qb7 Bd3 48.f3 Be2 49.Kg2 Bd3 50.Kf2 Qe7 51.Qb4 Qe8
52.Ke3 Ba6 53.Kf4 Qe7 54.Qc5 Be2 55.Ke3 Bc4 56.Bg2 Ba6 57.Qb6 Bc4
58.Bd6 Qe8 59.g4 hxg4 60.fxg4 Nf6 61.g5 Nh5 62.Qc7 Ng7 63.Kf2 Bb5
64.Be5 Nf5 65.Bh3 Ng7 66.Bg4 Qd7 67.Qc5 Qe8 68.Bd1 Ba6 69.Kg3 Nf5+
70.Kf4 Qb5 71.Qxb5 Bxb5 72.h5 gxh5 73.Bxh5 Be8 74.Be2 Kg6 75.Bd3 Ba4
76.Bf6 Bb3 77.Ke5 Ba2 78.Kf4 Bb3 79.Bd8 Ba2 80.Kf3 Bb3 81.Bxf5+ 1/2-1/2

[Event "?"]
[Site "Altensteig"]
[Date "1995.??.??"]
[Round "1"]
[White "Dautov, Rustem"]
[Black "Hracek, Zbynek"]
[Result "1/2-1/2"]
[WhiteElo "2620"]
[BlackElo "2635"]

1.d4 Nf6 2.c4 e6 3.Nf3 b6 4.g3 Ba6 5.b3 Bb4+ 6.Bd2 Be7 7.Bg2 c6 8.Bc3 d5
9.Ne5 Nbd7 10.Nxd7 Nxd7 11.Nd2 Rc8 12.O-O O-O 13.e4 b5 14.Re1 bxc4
15.bxc4 dxc4 16.Qa4 Bb5 17.Qc2 Re8 18.a4 Ba6 19.Rad1 Bf8 20.Qa2 c5
21.d5 exd5 22.exd5 Rxe1+ 23.Rxe1 Nb6 24.Ba5 Qd7 1/2-1/2

[Event "?"]
[Site "Altensteig"]
[Date "1995.??.??"]
[Round "1"]
[White "Gabriel, Christian"]
[Black "Bischoff, Klaus"]
[Result "1/2-1/2"]
[WhiteElo "2475"]
[BlackElo "2550"]

1.d4 e6 2.c4 b6 3.e4 Bb7 4.Bd3 Nc6 5.Ne2 Nb4 6.O-O Ne7 7.Bg5 f6 8.Be3 Nxd3
9.Qxd3 d5 10.exd5 exd5 11.Nbc3 Qd7 12.Nf4 O-O-O 13.Rac1 Ba6 14.Ncxd5 Nxd5
15.Qe4 Bb7 1/2-1/2

[Event "?"]
[Site "Altensteig"]
[Date "1995.??.??"]
[Round "1"]
[White "Luther, Thomas"]
[Black "Zueger, Beat"]
[Result "1-0"]
[WhiteElo "2550"]
[BlackElo "2470"]

1.e4 e6 2.d4 d5 3.Nc3 Nf6 4.e5 Nfd7 5.f4 c5 6.Nf3 Nc6 7.Be3 cxd4
8.Nxd4 Qb6 9.Qd2 Qxb2 10.Rb1 Qa3 11.Bb5 Nxd4 12.Bxd4 Bb4 13.O-O a6
14.Rb3 Qa5 15.Rfb1 Ba3 16.Bxd7+ Bxd7 17.Ne4 Qxd2 18.Nxd2 Be7 19.Rxb7 Bb5
20.c4 dxc4 21.a4 Bxa4 22.Nxc4 Bb5 23.Nd6+ Bxd6 24.exd6 O-O-O 25.Ra7 Rxd6
26.Be5 1-0

[Event "?"]
[Site "Altensteig"]
[Date "1995.??.??"]
[Round "1"]
[White "Georgiev, Kiril"]
[Black "Slobodjan, Roman"]
[Result "1-0"]
[WhiteElo "2605"]
[BlackElo "2500"]

1.e4 d6 2.d4 Nf6 3.Nc3 g6 4.Bg5 c6 5.Qd2 Bg7 6.f4 Qa5 7.Nf3 Nbd7 8.e5 dxe5
9.fxe5 Nd5 10.Ne4 Qxd2+ 11.Bxd2 O-O 12.c4 Nc7 13.O-O-O f6 14.exf6 exf6
15.Nd6 Rd8 16.c5 Nd5 17.Bc4 Bf8 18.Bf4 N7b6 19.Bb3 Bxd6 20.Bxd6 Be6
21.Rde1 Bf7 22.Nd2 Nc8 23.Ne4 Kg7 24.Rhf1 Re8 25.Bg3 h6 26.Kd2 f5
27.Nc3 Nce7 28.Bd6 Nxc3 29.bxc3 Nd5 30.Be5+ Kg8 31.c4 Nb4 32.Kc3 Na6
33.Ba4 Rac8 34.Bf4 Kg7 35.Bd6 Kg8 36.a3 b6 37.Rxe8+ Bxe8 38.Re1 bxc5
39.dxc5 Nb8 40.Re7 1-0

[Event "?"]
[Site "Altensteig"]
[Date "1995.??.??"]
[Round "2"]
[White "Hracek, Zbynek"]
[Black "Slobodjan, Roman"]
[Result "1-0"]
[WhiteElo "2635"]
[BlackElo "2500"]

1.e4 e5 2.Nf3 Nc6 3.Bb5 a6 4.Ba4 Nf6 5.O-O Nxe4 6.d4 b5 7.Bb3 d5
8.dxe5 Be6 9.Be3 Be7 10.c3 Qd7 11.Nbd2 Nc5 12.Bc2 Bg4 13.Re1 Ne6
14.Qb1 Bh5 15.Bf5 Bg6 16.Nf1 Bxf5 17.Qxf5 O-O 18.Rad1 Rad8 19.Ng3 Rfe8
20.Qc2 Nf8 21.Nf5 Ng6 22.Bd4 Bf8 23.Ng5 Nce7 24.Nxg7 Bxg7 25.e6 fxe6
26.Bxg7 Kxg7 27.Nxe6+ Kg8 28.Nxd8 Rxd8 29.g3 Rf8 30.Qe2 Rf6 31.Rd3 c5
32.h4 Kf7 33.h5 Nf8 34.Rf3 Qd6 35.Kg2 Nd7 36.Re3 Nf5 37.Re8 d4 38.Qg4 Nf8
39.cxd4 cxd4 40.Qe4 d3 41.Re5 d2 42.Rd1 Ne7 43.Rxd2 Qxd2 44.Rxe7+ Kg8
45.Qg4+ Ng6 46.Re2 Qd5+ 47.f3 Qd1 48.Rf2 Kf7 49.hxg6+ hxg6 50.Qh4 Rf5
51.Qh7+ Kf6 52.Qh8+ Kf7 53.g4 Rc5 54.Qh7+ Kf6 55.Qh4+ Kf7 56.Qh1 Qxh1+
57.Kxh1 b4 58.Kg2 b3 59.a3 g5 60.Re2 Kf6 61.Kf2 a5 62.Ke1 a4 63.Kd2 Rc8
64.Kd3 Rc7 65.Re4 Rc2 66.Rxa4 Rxb2 67.Ra6+ Ke5 68.Ra5+ Kf4 69.Rf5+ Kg3
70.Kc3 Rb1 71.a4 Kg2 72.a5 Kg3 73.Rf6 Kf2 74.a6 Ke3 75.a7 Ra1 76.Rf7 Ra6
77.Kxb3 Kd4 78.Kb4 Ra1 79.Kb5 Kd5 80.Rf5+ 1-0

[Event "?"]
[Site "Altensteig"]
[Date "1995.??.??"]
[Round "3"]
[White "Vogt, Lothar"]
[Black "Hracek, Zbynek"]
[Result "0-1"]
[WhiteElo "2475"]
[BlackElo "2635"]

1.e4 c5 2.c3 d5 3.exd5 Qxd5 4.d4 Nf6 5.Nf3 Bg4 6.Qa4+ Nbd7 7.Bc4 Qe4+
8.Be3 Bxf3 9.gxf3 Qxf3 10.Rg1 cxd4 11.cxd4 Qc6 12.Qb3 e6 13.Nc3 Rc8
14.Bb5 Qd6 15.d5 a6 16.Bxd7+ Qxd7 17.Rd1 g6 18.Bd4 Bg7 19.Ne4 Nxe4
20.Bxg7 Rg8 21.Bh6 exd5 22.Rxd5 Qe6 23.Be3 Nf6 24.Rd3 Rc1+ 25.Rd1 Qxb3
26.axb3 Rxd1+ 27.Kxd1 Nd5 28.Bd4 Kd7 29.Kd2 Re8 30.Rc1 Re4 31.Kd3 f5
32.Be3 Nxe3 33.fxe3 Rh4 34.Rc2 Kd6 35.Rg2 Kd5 36.Rd2 g5 0-1

[Event "?"]
[Site "Altensteig"]
[Date "1995.??.??"]
[Round "3"]
[White "Georgiev, Kiril"]
[Black "Zueger, Beat"]
[Result "1/2-1/2"]
[WhiteElo "2605"]
[BlackElo "2470"]

1.e4 e6 2.d4 d5 3.Nc3 Nf6 4.e5 Nfd7 5.f4 c5 6.Nf3 Nc6 7.Be3 cxd4
8.Nxd4 Qb6 9.Qd2 Qxb2 10.Rb1 Qa3 11.Bb5 Nxd4 12.Bxd4 Bb4 13.O-O a6
14.Rb3 Qa5 15.Rfb1 Ba3 16.Bxd7+ Bxd7 17.Ne4 Qxd2 18.Nxd2 Be7 19.Rxb7 Bc6
20.Rc7 Bb5 21.c4 Bd8 22.Rc5 dxc4 23.Nxc4 O-O 24.Be3 Be7 25.Nd6 Rfd8
26.Rd1 Bxd6 27.exd6 Rac8 28.Rxc8 Rxc8 29.Bb6 Bd7 30.Bc7 Kf8 31.Kf2 Ke8
32.Ke3 Bc6 33.Kd4 Kd7 34.Rd3 f6 35.g3 Re8 36.Ra3 e5+ 37.fxe5 fxe5+
38.Ke3 Bb5 39.Ra5 e4 40.a4 Bd3 41.Rf5 Ke6 42.Rf2 h5 43.h3 Rh8 44.Kd4 g5
45.g4 hxg4 46.hxg4 Rh1 47.Rf5 Rd1 48.Re5+ Kd7 49.Kc5 Rc1+ 50.Kd5 Bc4+
51.Kd4 Be6 52.Rxg5 Rc4+ 53.Ke3 Rxa4 54.Rg7+ Kc6 55.g5 a5 56.g6 Ra1
57.Re7 Bd7 58.g7 Rg1 59.Bxa5 Kxd6 60.Bb4+ Kc7 61.Kxe4 Kd8 62.Ke5 Ba4
63.Ra7 Bb3 64.Be7+ Kc8 65.Bd6 Re1+ 66.Kf5 Rf1+ 67.Bf4 Rg1 68.Bg5 Rf1+
69.Kg6 Bc2+ 70.Kh5 Bd1+ 71.Kh4 Bb3 72.Ra3 Be6 73.g8Q+ Bxg8 74.Ra8+ Kd7
75.Rxg8 Rg1 76.Rg6 Rg2 77.Ra6 Rg1 78.Kh5 Rg2 79.Kg6 Rf2 80.Bf6 Rf1
81.Kf7 Rf3 82.Ra8 Rf1 83.Rd8+ Kc7 84.Rd5 Kc6 85.Rg5 Kd6 86.Rg2 Rf5
87.Re2 Kd5 88.Ke7 Rh5 89.Rd2+ Ke4 90.Ke6 Rh6 91.Rd4+ Ke3 92.Ra4 Rh5
93.Be5 Rh7 94.Kd5 Rd7+ 95.Bd6 Rd8 96.Re4+ Kd3 97.Re7 Rg8 98.Bc7 Rg5+
99.Be5 Rg8 100.Rd7 Re8 101.Rg7 Rd8+ 102.Bd6 Ke3 103.Rg3+ Kf2 104.Ra3 Ke2
105.Ke5 Re8+ 106.Kf4 Rd8 107.Be5 Rd3 108.Ra5 Rf3+ 109.Ke4 Re3+
110.Kd5 Rb3 111.Bd4 Kd3 112.Ra1 Rb5+ 113.Bc5 Rb3 114.Rg1 Rb8
115.Rg3+ Ke2 116.Ke4 Re8+ 117.Kf4 Re6 118.Bd4 Re8 119.Be5 Rf8+
120.Ke4 Re8 121.Rg2+ Kf1 122.Ra2 Re7 123.Kf4 Rf7+ 124.Ke3 Re7
125.Rf2+ Kg1 126.Rf5 Re8 127.Kf3 Re6 1/2-1/2

[Event "?"]
[Site "Altensteig"]
[Date "1995.??.??"]
[Round "4"]
[White "Zueger, Beat"]
[Black "Slobodjan, Roman"]
[Result "1/2-1/2"]
[WhiteElo "2470"]
[BlackElo "2500"]

1.d4 d5 2.c4 c6 3.Nc3 e6 4.e3 Nd7 5.Qc2 Ngf6 6.Nf3 Bd6 7.Be2 O-O 8.O-O Re8
9.Rd1 Qe7 10.a3 h6 11.h3 dxc4 12.Bxc4 e5 13.Nh4 Nb6 14.Ng6 Qc7
15.Nxe5 Bxe5 16.dxe5 Qxe5 17.Bd3 Nbd5 18.Ne2 Bd7 19.Ng3 Rad8 20.f4 Qc7
21.Qf2 Qb6 22.e4 Qxf2+ 23.Kxf2 Nb6 24.Be3 Be6 25.Bc2 Nfd7 26.b3 f6
27.Ne2 Bf7 28.Rd2 Nf8 29.Rad1 Rxd2 30.Rxd2 Ne6 31.a4 Rd8 32.Rxd8+ Nxd8
33.a5 Nc8 34.Nd4 Kf8 35.Nf5 Ne6 36.b4 Nc7 37.Bc5+ Kg8 38.Nd6 Nxd6
39.Bxd6 Nb5 40.Bc5 Bc4 41.h4 Kf7 42.f5 a6 43.Ke3 Ba2 44.Kf4 Na3
45.Bd1 Nc4 46.Bh5+ Kg8 47.Bd4 Bb1 48.e5 fxe5+ 49.Bxe5 c5 50.Bc3 cxb4
51.Bxb4 b6 52.axb6 Nxb6 53.Bf3 Bd3 54.g4 Bc4 55.Ba5 Nd7 56.g5 hxg5+
57.hxg5 g6 58.Bc6 Nf8 59.Ke5 gxf5 60.Kxf5 Kf7 61.Bf3 Bd3+ 1/2-1/2

[Event "?"]
[Site "Altensteig"]
[Date "1995.??.??"]
[Round "5"]
[White "Luther, Thomas"]
[Black "Vogt, Lothar"]
[Result "1-0"]
[WhiteElo "2550"]
[BlackElo "2475"]

1.e4 c5 2.Nf3 e6 3.d4 cxd4 4.Nxd4 Nf6 5.Nc3 d6 6.g4 h6 7.Rg1 a6 8.h4 d5
9.exd5 Nxd5 10.Nxd5 Qxd5 11.Be3 Be7 12.Qd2 Bxh4 13.Bg2 Qd6 14.O-O-O Nd7
15.Rh1 Be7 16.g5 Nb6 17.gxh6 gxh6 18.Rxh6 Rxh6 19.Bxh6 Nc4 20.Qc3 e5
21.Nf5 Qb6 22.Qxc4 Bxf5 23.Qa4+ 1-0

[Event "?"]
[Site "Altensteig"]
[Date "1995.??.??"]
[Round "6"]
[White "Grosar, Aljosa"]
[Black "Luther, Thomas"]
[Result "1/2-1/2"]
[WhiteElo "2485"]
[BlackElo "2550"]

1.e4 e6 2.d4 d5 3.e5 c5 4.c3 Nc6 5.Nf3 Bd7 6.dxc5 Bxc5 7.b4 Bb6 8.b5 Na5
9.Bd3 Nc4 10.a4 Qc7 11.Qe2 a6 12.bxa6 Rxa6 13.O-O Ne7 14.Na3 Rxa4
15.Nxc4 dxc4 16.Rxa4 Bxa4 17.Bxc4 O-O 18.Bd3 Ng6 19.h4 1/2-1/2

[Event "?"]
[Site "Altensteig"]
[Date "1995.??.??"]
[Round "6"]
[White "Hickl, Joerg"]
[Black "Slobodjan, Roman"]
[Result "1-0"]
[WhiteElo "2570"]
[BlackElo "2500"]

1.g3 d5 2.Bg2 c6 3.Nf3 Nf6 4.b3 Bg4 5.Bb2 Nbd7 6.O-O e6 7.d3 Bd6
8.Nbd2 O-O 9.c4 Re8 10.Qc2 Qb8 11.Rfe1 Bh5 12.e4 dxe4 13.dxe4 e5
14.Nh4 Bc5 15.h3 Nf8 16.Nf5 a5 17.a3 Ne6 18.Bc3 Qa7 19.Nf1 Bd4
20.Nxd4 Nxd4 21.Qb2 Rad8 22.b4 axb4 23.axb4 Qb8 24.g4 Nxg4 25.hxg4 Bxg4
26.Re3 Qd6 27.f3 Bh5 28.Ng3 Qh6 29.Rae1 Qg5 30.Nxh5 Qxh5 31.Rd3 Rd6
32.Bxd4 exd4 33.Rxd4 Rg6 34.Qf2 Rh6 35.Red1 Qh2+ 36.Kf1 Qb8 37.Qd2 Rhe6
38.Rd8 Qe5 39.Rxe8+ Rxe8 40.Qd4 Qg3 41.Qd7 Qb8 42.Kg1 h5 43.f4 Rf8
44.e5 Qa7+ 45.c5 Qa3 46.Qd4 Qg3 47.Qe4 Qb3 48.Rd3 Qb1+ 49.Kh2 Qc1
50.f5 Re8 51.e6 Qg5 52.Re3 Re7 53.Bf1 fxe6 54.fxe6 Qf6 55.Rf3 Qb2+ 56.Kh1 1-0

[Event "?"]
[Site "Altensteig"]
[Date "1995.??.??"]
[Round "7"]
[White "Slobodjan, Roman"]
[Black "Dautov, Rustem"]
[Result "1/2-1/2"]
[WhiteElo "2500"]
[BlackElo "2620"]

1.e4 c6 2.d4 d5 3.Nd2 dxe4 4.Nxe4 Bf5 5.Ng3 Bg6 6.N1e2 Nf6 7.Nf4 e5
8.Nxg6 hxg6 9.Be3 Nbd7 10.Qd2 exd4 11.Bxd4 Bc5 12.O-O-O O-O 13.h4 Bxd4
14.Qxd4 Qa5 15.h5 gxh5 16.Nxh5 Nxh5 17.Qxd7 Rad8 18.Qg4 Rxd1+
19.Kxd1 Rd8+ 20.Bd3 g6 21.Qh4 Qd5 22.g4 Qf3+ 23.Kc1 Rd4 24.Rg1 Nf6
25.Rh1 Nh5 26.Rg1 Nf6 27.Rh1 1/2-1/2

[Event "?"]
[Site "Altensteig"]
[Date "1995.??.??"]
[Round "7"]
[White "Bischoff, Klaus"]
[Black "Hickl, Joerg"]
[Result "1/2-1/2"]
[WhiteElo "2550"]
[BlackElo "2570"]

1.d4 e6 2.Nf3 f5 3.d5 Nf6 4.dxe6 dxe6 5.Qxd8+ Kxd8 6.g3 Nc6 7.Bg2 e5
8.Bg5 Ke8 9.Bxf6 gxf6 10.Bh3 Kf7 11.Nh4 f4 12.Bxc8 Rxc8 13.c3 Ne7
14.e4 fxe3 15.fxe3 Bh6 16.Ke2 f5 17.Nd2 Ke6 18.Rhf1 Rhf8 19.Rf2 Ng6
20.Nhf3 Rcd8 21.Raf1 b6 22.e4 Bxd2 23.exf5+ Rxf5 24.Nxd2 Ne7 25.Ne4 Rg8
26.h3 h5 27.Rf3 1/2-1/2

[Event "?"]
[Site "Altensteig"]
[Date "1995.??.??"]
[Round "7"]
[White "Georgiev, Kiril"]
[Black "Vogt, Lothar"]
[Result "1/2-1/2"]
[WhiteElo "2605"]
[BlackElo "2475"]

1.e4 c6 2.d4 d5 3.e5 Bf5 4.Nf3 e6 5.Be2 Nd7 6.O-O h6 7.c3 Ne7 8.Nh4 Bh7
9.Bd3 Bxd3 10.Qxd3 g5 11.Nf3 Ng6 12.Be3 Be7 13.Nbd2 Qc7 14.c4 dxc4
15.Nxc4 O-O-O 16.Qe4 Rdg8 17.Rfc1 Kb8 18.b4 Qd8 19.Rab1 Nb6 20.Nxb6 axb6
21.b5 Qd5 22.Nd2 Qxe4 23.Nxe4 c5 24.dxc5 bxc5 25.Nxc5 Rd8 26.Rd1 Nxe5
27.f3 Rxd1+ 28.Rxd1 Rd8 29.Rxd8+ Bxd8 30.Kf1 Nc4 31.Ke2 Na3 32.Nd7+ Kc8
33.Ne5 f6 34.Nf7 Nxb5 35.Nxh6 Nc3+ 36.Kd3 Nd5 37.g3 Kd7 38.Bd2 b5
39.Ng4 Bc7 40.Ne3 Ne7 41.Bc3 e5 42.Bb4 Nc6 43.Bc5 Ke6 44.Ke4 Na5
45.Nf5 Nc4 46.Bb4 Ba5 47.Bxa5 Nxa5 48.f4 gxf4 49.gxf4 b4 50.fxe5 fxe5
51.Ng7+ Kf6 52.Ne8+ Kg5 53.Kxe5 1/2-1/2

[Event "?"]
[Site "Altensteig"]
[Date "1995.??.??"]
[Round "8"]
[White "Hickl, Joerg"]
[Black "Zueger, Beat"]
[Result "1-0"]
[WhiteElo "2570"]
[BlackElo "2470"]

1.g3 g6 2.Bg2 Bg7 3.d3 c5 4.f4 d5 5.Nf3 Nf6 6.O-O O-O 7.Qe1 d4 8.c3 Nc6
9.Na3 Rb8 10.Bd2 b5 11.Kh1 a6 12.Rc1 Bb7 13.Nc2 Qd7 14.h3 e5 15.cxd4 exd4
16.Na1 c4 17.dxc4 bxc4 18.Rxc4 Qe6 19.Qc1 Ne4 20.Be1 Rfc8 21.Nb3 Ne7
22.Rxc8+ Rxc8 23.Qb1 Nf5 24.Kh2 Bd5 25.Rg1 h5 26.Qd3 Bxb3 27.axb3 Nc5
28.Qc4 Qe8 29.b4 Ne6 30.Qxa6 h4 31.Nxh4 Nxh4 32.gxh4 Nxf4 33.Bg3 Nxe2
34.Re1 Rc2 35.Bd6 Be5+ 36.Kh1 Ng3+ 37.Kg1 f6 38.Bxe5 fxe5 39.Qd3 Rxg2+
40.Kxg2 Qc6+ 41.Kxg3 1-0

[Event "?"]
[Site "Altensteig"]
[Date "1995.??.??"]
[Round "8"]
[White "Vogt, Lothar"]
[Black "Slobodjan, Roman"]
[Result "1-0"]
[WhiteElo "2475"]
[BlackElo "2500"]

1.e4 d6 2.d4 Nf6 3.Nc3 g6 4.g3 Bg7 5.Bg2 O-O 6.Nge2 e5 7.h3 Nbd7 8.O-O c6
9.a4 Re8 10.Re1 exd4 11.Nxd4 d5 12.exd5 Rxe1+ 13.Qxe1 Nxd5 14.Nxd5 cxd5
15.Be3 Ne5 16.Rd1 Be6 17.Nxe6 fxe6 18.Bd4 Qd6 19.Qc3 Bh8 20.Re1 Nf7
21.Bxh8 Nxh8 22.Qe3 Kf7 23.c4 dxc4 24.Qf3+ Kg8 25.Qxb7 Rb8 26.Qe4 Rxb2
27.Qxc4 Nf7 28.Rxe6 Qd1+ 29.Bf1 Qd7 30.Rc6 Qf5 31.Rc8+ Kg7 32.Qd4+ Kh6
33.Rc5 Qb1 34.Qf4+ Kg7 35.Rc7 Qf5 36.Qxf5 gxf5 37.Bc4 1-0

[Event "?"]
[Site "Altensteig"]
[Date "1995.??.??"]
[Round "8"]
[White "Grosar, Aljosa"]
[Black "Georgiev, Kiril"]
[Result "0-1"]
[WhiteElo "2485"]
[BlackElo "2605"]

1.e4 c5 2.Nf3 d6 3.d4 cxd4 4.Nxd4 Nf6 5.Nc3 a6 6.Be3 e6 7.Be2 Qc7 8.f4 b5
9.Bf3 b4 10.Na4 Bb7 11.Qd3 Nbd7 12.g4 e5 13.Ne2 exf4 14.Bxf4 Ne5
15.Bxe5 dxe5 16.O-O-O Be7 17.g5 Nd7 18.h4 Bc6 19.b3 O-O 20.Bg4 Rfd8
21.Qc4 Nb6 22.Nxb6 Qxb6 23.Rxd8+ Rxd8 24.Rf1 Be8 25.Rf3 h6 26.gxh6 Qxh6+
27.Kb2 Qxh4 28.Be6 Bf6 29.Rh3 Qf2 30.Bd5 Rxd5 31.exd5 e4+ 32.c3 Bd7
33.Rg3 Be5 34.Rg1 g6 35.Qxe4 Bxc3+ 36.Kc1 Kg7 37.Rh1 Bf6 38.Kd1 a5
39.Qf4 Qg2 40.Qh6+ Kg8 41.Rg1 Qxd5+ 42.Qd2 Qf5 43.Qd6 Bb5 44.Re1 Bg5
45.Nc1 Qf3+ 46.Ne2 Qe3 0-1

[Event "?"]
[Site "Altensteig"]
[Date "1995.??.??"]
[Round "8"]
[White "Luther, Thomas"]
[Black "Gabriel, Christian"]
[Result "1/2-1/2"]
[WhiteElo "2550"]
[BlackElo "2475"]

1.e4 e5 2.Nf3 Nc6 3.Bb5 a6 4.Ba4 Nf6 5.O-O Be7 6.Re1 b5 7.Bb3 d6 8.c3 O-O
9.h3 Nb8 10.d4 Nbd7 11.a4 Bb7 12.Nbd2 c5 13.d5 c4 14.Bc2 Nc5 15.Nf1 Nfd7
16.Ng3 g6 17.Bh6 Re8 18.Be3 Bf6 19.Rf1 Nb6 20.a5 Nbd7 21.Qd2 Bg7
22.Nh2 Qe7 23.Bg5 Qf8 24.Ng4 1/2-1/2

[Event "?"]
[Site "Altensteig"]
[Date "1995.??.??"]
[Round "9"]
[White "Gabriel, Christian"]
[Black "Hracek, Zbynek"]
[Result "1/2-1/2"]
[WhiteElo "2475"]
[BlackElo "2635"]

1.d4 Nf6 2.c4 e6 3.Nc3 Bb4 4.Qc2 O-O 5.a3 Bxc3+ 6.Qxc3 b6 7.Nf3 Bb7
8.e3 d6 9.b3 Nbd7 10.Bb2 c5 11.Be2 cxd4 12.Nxd4 e5 13.Nf3 Nc5 14.O-O Rc8
15.Nd2 Qe7 16.f3 h6 17.Rfd1 Ne6 18.Nf1 Rfd8 19.Rd2 b5 20.Qb4 Nc5
21.cxb5 Nd5 22.Qc4 Nb6 23.Qb4 Nd5 24.Qc4 1/2-1/2

[Event "?"]
[Site "Altensteig"]
[Date "1995.??.??"]
[Round "9"]
[White "Georgiev, Kiril"]
[Black "Luther, Thomas"]
[Result "1-0"]
[WhiteElo "2605"]
[BlackElo "2550"]

1.d4 e6 2.c4 Nf6 3.Nc3 Bb4 4.Qc2 O-O 5.a3 Bxc3+ 6.Qxc3 b6 7.Bg5 Bb7
8.e3 d6 9.f3 Nbd7 10.Nh3 h6 11.Bh4 c5 12.dxc5 Nxc5 13.O-O-O d5 14.Kb1 Rc8
15.Be2 Ba6 16.Qe1 Na4 17.cxd5 Qc7 18.Bxf6 Qc2+ 19.Ka1 Bxe2 20.Rd2 gxf6
21.Rxc2 Rxc2 22.Nf4 Bc4 23.Nh5 1-0

[Event "?"]
[Site "Altensteig"]
[Date "1995.??.??"]
[Round "9"]
[White "Slobodjan, Roman"]
[Black "Grosar, Aljosa"]
[Result "1-0"]
[WhiteElo "2500"]
[BlackElo "2485"]

1.e4 c5 2.Nf3 d6 3.d4 cxd4 4.Nxd4 Nf6 5.Nc3 Nc6 6.Be2 e5 7.Nf3 h6
8.O-O Be7 9.Re1 O-O 10.h3 Re8 11.Bc4 Na5 12.Bb5 Rf8 13.b3 a6 14.Bf1 b5
15.Nd5 Nxd5 16.exd5 Qc7 17.Qd2 Bf5 18.Ba3 e4 19.Nd4 Bg6 20.Bb4 Nb7
21.a4 Bg5 22.Qc3 Qb6 23.axb5 Bf6 24.Rad1 axb5 25.Qe3 Rfc8 26.Nc6 Qxe3
27.fxe3 Bh4 28.Re2 f5 29.g3 Bg5 30.Ree1 Bh5 31.Rd2 Rc7 32.Bxb5 Bf7
33.Nd4 Bxd5 34.Nxf5 Be6 35.Nxd6 Nxd6 36.Bxd6 Rc3 37.Kf2 Ra2 38.Ree2 Kh7
39.Bb4 Rc7 40.Kg2 Rf7 41.Bc6 Bf5 42.Bd5 Rfa7 43.Bc5 Rc7 44.b4 Ra1
45.c4 Bf6 46.Bb6 Rc8 47.b5 h5 48.Bd4 Bxd4 49.Rxd4 Rb1 50.Rf2 g6
51.Bxe4 Bxe4+ 52.Rxe4 Rc1 53.Rb2 g5 54.b6 Rf8 55.b7 Rff1 56.Re7+ Kg6
57.b8=Q 1-0

[Event "?"]
[Site "Altensteig"]
[Date "1995.??.??"]
[Round "9"]
[White "Zueger, Beat"]
[Black "Dautov, Rustem"]
[Result "1/2-1/2"]
[WhiteElo "2470"]
[BlackElo "2620"]

1.Nf3 Nf6 2.c4 e6 3.Nc3 d5 4.d4 Bb4 5.Bg5 h6 6.Bxf6 Qxf6 7.e3 O-O
8.Rc1 dxc4 9.Bxc4 c5 10.dxc5 Bxc5 11.O-O Rd8 12.Qe2 Bf8 13.Rfd1 Nc6
14.Rxd8 Qxd8 15.Rd1 Bd7 16.Bb5 Qc7 17.Nd4 a6 18.Bxc6 bxc6 19.Nb3 c5
20.Nd2 Bc6 21.Nc4 Rd8 22.Rxd8 Qxd8 23.Qd2 Qa8 24.f3 Qb8 25.b3 h5
26.f4 Be7 27.Ne5 Be8 28.Nc4 Qb4 29.Kf2 Bf6 30.Ne4 Bh4+ 31.g3 Be7
32.Qd3 Qb8 33.Ng5 g6 34.h4 Qa8 35.e4 Qc6 36.Ne5 Qc8 37.Nc4 f6 38.Nf3 Bc6
39.e5 f5 40.Ng5 Bb5 41.a4 Bc6 42.Nd6 Qd7 43.Qxa6 Bxd6 44.exd6 Qxd6
45.Qa8+ Kg7 46.Qh8+ Kxh8 47.Nf7+ Kg7 48.Nxd6 Kf6 49.Nc4 Bd5 50.Ke3 Bxc4
51.bxc4 Ke7 52.Kd3 Kd6 53.Kc3 Kc6 54.a5 Kb7 55.Kb3 Ka7 56.Ka3 Kb7
57.Kb3 Ka7 58.Ka3 Kb7 59.Kb3 1/2-1/2

[Event "?"]
[Site "Altensteig(Match)"]
[Date "1995.??.??"]
[Round "?"]
[White "Koglin, Anke"]
[Black "Lematschko, Tatjana"]
[Result "0-1"]
[WhiteElo "2225"]
[BlackElo "2310"]

1.e4 c5 2.Nf3 e6 3.d4 cxd4 4.Nxd4 d6 5.c4 Nf6 6.Nc3 Be7 7.Bd3 Nc6
8.Nxc6 bxc6 9.O-O e5 10.Qa4 Bd7 11.c5 dxc5 12.Bc4 O-O 13.Rd1 Qb6
14.Qc2 Qc7 15.Bg5 Bg4 16.f3 Bc8 17.Bxf6 Bxf6 18.Qf2 Be7 19.b3 Rd8
20.Na4 Rd4 21.Kh1 Qd6 22.Qe2 Bb7 23.Nb2 Rd8 24.Rd3 Bc8 25.Rad1 g6
26.Qe1 Qc7 27.Na4 Kg7 28.Qe3 f5 29.Nc3 f4 30.Qc1 Qa5 31.Qc2 Ba6
32.Ne2 Bxc4 33.bxc4 Rxd3 34.Rxd3 Qe1+ 35.Ng1 Rd4 36.Qb3 Qb4 37.Rxd4 Qxb3
38.axb3 cxd4 39.Ne2 Ba3 40.Kg1 Bb2 41.Kf1 h5 42.Ng1 Bc1 43.Nh3 Be3
44.Ng5 Kf6 45.Nh7+ Ke7 46.Ke2 Bg1 47.Ng5 Bxh2 48.Kd3 Bg1 49.Nh3 Be3
50.Ng5 c5 51.Kc2 Bf2 52.Nh3 Bh4 53.Ng1 g5 54.Ne2 g4 55.fxg4 hxg4
56.Kd1 Bg5 57.Ke1 f3 0-1

[Event "?"]
[Site "Altensteig(Match)"]
[Date "1995.??.??"]
[Round "?"]
[White "Lematschko, Tatjana"]
[Black "Koglin, Anke"]
[Result "1/2-1/2"]
[WhiteElo "2310"]
[BlackElo "2225"]

1.e4 c5 2.Nf3 Nc6 3.d4 cxd4 4.Nxd4 Nf6 5.Nc3 e5 6.Ndb5 d6 7.Bg5 a6
8.Bxf6 gxf6 9.Na3 b5 10.Nd5 Bg7 11.c3 Ne7 12.Nxe7 Qxe7 13.Bd3 O-O
14.Qh5 f5 15.O-O f4 16.Nc2 Bb7 17.a4 f5 18.f3 d5 19.exd5 e4 20.Be2 Bxd5
21.axb5 axb5 22.Rxa8 Bxa8 23.Kh1 Qc5 24.fxe4 Bxe4 25.Ne1 b4 26.cxb4 Qxb4
27.Nd3 Qd6 28.Nxf4 Be5 29.Nh3 Qc6 30.Bf3 Bxf3 31.Qxf3 Qxf3 32.Rxf3 Bxb2
33.Nf4 Be5 34.Nd3 Bd6 35.g3 Kg7 36.h4 Kg6 37.Kg2 Kg7 38.Nf2 Kg6
39.Rd3 Bb8 40.Rc3 Kg7 41.Nh3 h6 42.Rb3 Be5 43.Kf3 Rc8 44.g4 Rc3+ 1/2-1/2

[Event "?"]
[Site "Altensteig"]
[Date "1995.??.??"]
[Round "10"]
[White "Gabriel, Christian"]
[Black "Georgiev, Kiril"]
[Result "0-1"]
[WhiteElo "2475"]
[BlackElo "2605"]

1.c4 e5 2.Nc3 Nf6 3.Nf3 Nc6 4.g3 d5 5.cxd5 Nxd5 6.Bg2 Nb6 7.O-O Be7
8.Rb1 a5 9.d3 O-O 10.Be3 Be6 11.Bxb6 cxb6 12.Nd2 b5 13.Rc1 b4 14.Na4 Rc8
15.Nb3 Nd4 16.Rxc8 Bxc8 17.Nac5 a4 18.Nxd4 Qxd4 19.Ne4 Qxb2 20.Qxa4 f5 0-1

[Event "?"]
[Site "Altensteig"]
[Date "1995.??.??"]
[Round "10"]
[White "Grosar, Aljosa"]
[Black "Bischoff, Klaus"]
[Result "1/2-1/2"]
[WhiteElo "2485"]
[BlackElo "2550"]

1.e4 c5 2.Nf3 e6 3.c3 d5 4.exd5 exd5 5.d4 c4 6.b3 cxb3 7.axb3 Bd6
8.Bd3 Ne7 9.O-O Nbc6 10.Re1 O-O 11.Ba3 Bf5 12.Bxd6 Qxd6 13.Bxf5 Nxf5
14.Qd3 g6 15.Nbd2 Rfe8 16.Rxe8+ Rxe8 17.b4 b6 1/2-1/2

[Event "?"]
[Site "Altensteig"]
[Date "1995.??.??"]
[Round "10"]
[White "Vogt, Lothar"]
[Black "Zueger, Beat"]
[Result "1/2-1/2"]
[WhiteElo "2475"]
[BlackElo "2470"]

1.g3 g6 2.Bg2 Bg7 3.d4 c5 4.d5 d6 5.Nc3 Nf6 6.Nf3 b5 7.Nxb5 Qa5+ 8.Nc3 Ne4
9.O-O Nxc3 10.bxc3 Bxc3 11.Bd2 Nd7 12.Bxc3 Qxc3 13.Qd3 Qxd3 14.exd3 Rb8
15.Nd2 Nb6 16.Rab1 O-O 17.Rfe1 Re8 18.a4 Bb7 19.c4 Kf8 20.Bh3 Bc8
21.Bxc8 Rexc8 22.a5 Nd7 23.f4 Rb4 24.Rxb4 cxb4 25.d4 Nf6 26.h3 Ke8
27.Kf2 Kd7 28.g4 e6 29.dxe6+ fxe6 30.Ke3 d5 31.c5 Kc6 32.Kd3 Re8
33.Kc2 Kb5 34.Kb3 Nd7 35.Nf3 Rf8 36.Rxe6 Rxf4 37.Re3 Kxa5 38.Ne5 Nxe5
39.dxe5 Kb5 40.c6 Kxc6 41.e6 Rf8 42.Kxb4 Rb8+ 43.Kc3 Kd6 44.e7 Re8
45.Kd4 Rxe7 46.Ra3 Rd7 47.Ra6+ Ke7 48.h4 Kd8 49.Rc6 Rc7 50.Ra6 Rc4+
51.Kxd5 Rxg4 52.h5 Rg5+ 53.Ke6 Rxh5 54.Rxa7 g5 55.Rg7 h6 56.Kd6 Ke8
57.Ke6 Kf8 58.Kf6 Rh1 59.Rh7 Rf1+ 60.Ke5 Rh1 61.Kf6 Rf1+ 62.Ke5 Kg8
63.Rxh6 Kg7 64.Ra6 Kh7 65.Ke4 g4 66.Ke3 g3 67.Ra2 1/2-1/2